00935 2200301 4500001002100000005001500021035002500036008004100061090001600102245008600118260004700204300005100251650002700302850001200329980001300341985000600354999001500360007000300375040001700378082001600395084001600411500008300427041000800510710003900518022001400557490004400571990001800615YOGYA-0209000004034620190725110021 a0010-020900000040346090227s2007 jkio g ind d a704.042 PEN10aPenari gandrung dan gerak sosial Banyuwangi /cRedaksi Kajian Perempuan Desantara31aDepok :bKajian Perempuan Desantara,c2007 a184 halaman :bfoto sebagian berwarna ;c23 cm 4aWanita sebagai seniman aYOPDYOG a10-12-07 a3 a07B0030238ta aYOPDYOGbind04223a704.042 a704.042 PEN aDiterbitkan bekerja sama Kajian Perempuan Desantara dengan The Ford Foundation0 aind2 aRedaksi Kajian Perempuan Desantara a1412-274X aSrinthil: Media Perempuan Multikultural a30238-PD/B.07